000 00265nam a22001097a 4500
082 _a662.6 MOT'A
100 _aAMERICAN PETROLEUM INSTITUTE
_974776
245 _aMOTORS OIL GUIDE
260 _aUSA
_bAMERICAN PETROLEUM INSTITUTE
_c1976
300 _a28P
942 _cBK
999 _c580276
_d580276